000 00487nam a2200157 i 4500
001 47356
003 ES-MaACL
005 20230906161540.0
007 t|
008 030407s1921 sp ||||1| spa d
100 1 _aCorbella Alvarez, Salvador.
_940453
245 1 3 _aLa teoría de la relatividad de Einstein al alcance de todos /
_cSalvador Corbella Alvarez.
260 _a[Barcelona :
_bs.n.,
_c1921] (
_fTall. Gráf. Costa)
300 _a15 p. ;
_c31 cm.
852 _aES-MaACL
_j1672-F-18
999 _c47356
_d47356